000 00509nam a2200181Ia 4500
003 GCL
008 140319s9999 xx 000 0 ara d
040 _aGCL /
_cGCL
082 0 4 _a813.03
_bم ن
100 1 _aسامى الدروبى (مترجم)
245 1 0 _aالنول /
_cسامى الدروبى (مترجم)
700 1 _aمحمد ديب
300 _a161 ص
490 _aروايات الهلال
_v0
650 0 4 _aالادب العربى
650 0 4 _aالقصص العربية
942 _2ddc
_cBK
999 _c46963
_d46963